Atomic habits: (Record no. 617438)

000 -LEADER
fixed length control field 00684nam a22001577a 4500
020 ## - INTERNATIONAL STANDARD BOOK NUMBER
International Standard Book Number 9781847941831
040 ## - CATALOGING SOURCE
Transcribing agency NUST
082 ## - DEWEY DECIMAL CLASSIFICATION NUMBER
Classification number 155.24,CLE
100 ## - MAIN ENTRY--PERSONAL NAME
Personal name Clear James
9 (RLIN) 134441
245 ## - TITLE STATEMENT
Title Atomic habits:
Remainder of title an easy & proven to build good habits & break bad ones /
260 ## - PUBLICATION, DISTRIBUTION, ETC.
Place of publication, distribution, etc. UK
Name of publisher, distributor, etc. Penguin Random House
Date of publication, distribution, etc. 2018
300 ## - PHYSICAL DESCRIPTION
Extent 306 p.;
505 ## - FORMATTED CONTENTS NOTE
Formatted contents note Introduction (Page-10, The 1st Law, Make it Obvious (Page-59), The 2nd Law, Make it Attractive (Page-101), The 3rd Law, Make it Easy (Page-141), The 4th Law, Make it Stisfying (Page-183), Advance Tactics (Page-217) Appendix (Page-257).
650 ## - SUBJECT ADDED ENTRY--TOPICAL TERM
Topical term or geographic name entry element comprehensive guide to self-improvement
9 (RLIN) 134442
942 ## - ADDED ENTRY ELEMENTS (KOHA)
Source of classification or shelving scheme
Koha item type Book
Call number prefix 155.24,CLE
Holdings
Withdrawn status Lost status Source of classification or shelving scheme Damaged status Not for loan Permanent Location Current Location Shelving location Date acquired Total Checkouts Full call number Barcode Date last seen Price effective from Koha item type
          Military College of Signals (MCS) Military College of Signals (MCS) General Stacks 05/13/2026   155.24,CLE MCS39011 05/13/2026 05/13/2026 Book
© 2023 Central Library, National University of Sciences and Technology. All Rights Reserved.